000 01079aab a2200193 i 4500
001 768714001
003 CO-MdFUSB
005 20221115161949.0
008 221115s2004 sp ||||| |||| 00| 0 spa d
040 _bspa
_cCO-MdFUSB
_dCO-MdFUSB
041 _aspa
100 1 _aBoureux, Christophe
_eautor
245 1 0 _aConsecuencias antropológicas e incidencias políticas del pecado original
_c/ Christophe Boureux
300 _aNumero 304 (2004), Páginas 93 - 103
_c; 21 cm
520 _aPara esclarecer el sentido de la doctrina del pecado original, las reflexiones que siguen parte la siguiente pregunta: "¿a quien beneficia"? Nuestro planteamiento tendrá por objeto los efectos de la doctrina del pecado original ; actuaremos como un policía que carece totalmente de cualquier indicio sobre el autor y el móvil del crimen: "¿a quien beneficia este crimen" ¿Qué debemos entender en la pregunta por "el beneficiario del pecado original?¨
653 _aPecado original
773 0 _tConcilium
_049450
_960411
_gNumero 304 (2004), Páginas 93 - 103
_qPáginas 93
942 _cANA
999 _c49888
_d49888